Indian social problems (Record no. 9427)

MARC details
000 -LEADER
fixed length control field 00536cam a2200205ua 4500
008 - FIXED-LENGTH DATA ELEMENTS--GENERAL INFORMATION
fixed length control field 190225n ii |||gr||||Z||||||eng
020 ## - INTERNATIONAL STANDARD BOOK NUMBER
International Standard Book Number 9789384857950
040 ## - CATALOGING SOURCE
Transcribing agency MAIN
041 ## - LANGUAGE CODE
-- eng
082 ## - DEWEY DECIMAL CLASSIFICATION NUMBER
Classification number 361.954
100 ## - MAIN ENTRY--PERSONAL NAME
Personal name CN Shankar Rao,
Relator term
245 ## - TITLE STATEMENT
Title Indian social problems
Remainder of title a sociological perspective
250 ## - EDITION STATEMENT
Edition statement 1st ed.
260 ## - PUBLICATION, DISTRIBUTION, ETC.
Place of publication, distribution, etc. New Delhi:
Name of publisher, distributor, etc. S chand,
Date of publication, distribution, etc. 2015.
300 ## - PHYSICAL DESCRIPTION
Extent 645p,.
942 ## - ADDED ENTRY ELEMENTS (KOHA)
Koha item type Books
653 ## - INDEX TERM--UNCONTROLLED
Uncontrolled term Social problems & social welfare in general
653 ## - INDEX TERM--UNCONTROLLED
Uncontrolled term Social problems in India
Holdings
Withdrawn status Lost status Damaged status Not for loan Home library Current library Shelving location Date acquired Total Checkouts Full call number Barcode Date last seen Date last checked out Copy number Price effective from Koha item type
        Central Library, Naharkatiya College Central Library, Naharkatiya College General Stacks 19/09/2020 10 361.954 | RAO 24139 20/12/2021 18/12/2021 1 19/09/2020 Books

Naharkatiya College © 2020. All rights reserved.

Powered By